España bajo los Austrias / (Record no. 95248)

MARC details
000 -LEADER
campo de control de longitud fija 00650nam a2200205 i 4500
001 - NÚMERO DE CONTROL
campo de control 95248
003 - IDENTIFICADOR DE NÚMERO DE CONTROL
campo de control ES-MaACL
005 - FECHA Y HORA DE LA ÚLTIMA TRANSACCIÓN
campo de control 20250731063033.0
007 - CAMPO FIJO DE DESCRIPCIÓN FÍSICA--INFORMACIÓN GENERAL
campo de control de longitud fija t|
008 - DATOS DE LONGITUD FIJA--INFORMACIÓN GENERAL
campo de control de longitud fija 050525m19701972sp ||||1| spa d
100 1# - ENTRADA PRINCIPAL--NOMBRE DE PERSONA
Nombre de persona Lynch, John,
Fechas asociadas al nombre 1927-2018
9 (RLIN) 74938
245 10 - MENCIÓN DEL TÍTULO
Título España bajo los Austrias /
Mención de responsabilidad, etc. Jonh Lynch; traducción de Josep María Bernardas.
250 ## - MENCION DE EDICION
Mención de edición [1ª ed.].
260 ## - PUBLICACIÓN, DISTRIBUCIÓN, ETC.
Lugar de publicación, distribución, etc. Barcelona :
Nombre del editor, distribuidor, etc. Peninsula,
Fecha de publicación, distribución, etc. 1970-1972.
300 ## - DESCRIPCIÓN FÍSICA
Extensión 2 v. ;
Dimensiones 20 cm.
651 #4 - PUNTO DE ACCESO ADICIONAL DE MATERIA--NOMBRE GEOGRÁFICO
Nombre geográfico España-
Subdivisión general Historia-
Subdivisión cronológica 1516-1700, Casa de Austria
9 (RLIN) 8228
700 1# - ENTRADA AGREGADA--NOMBRE PERSONAL
Nombre de persona Bernardas, Josep María.
9 (RLIN) 28267
852 ## - LOCALIZACIÓN
Ubicación ES-MaACL
Número de control de estantería P-1834
Sublocalización o colección R.73754
Holdings
Estatus retirado Estado de pérdida Estado de daño No para préstamo Biblioteca de origen Biblioteca actual Ubicación en estantería Fecha de adquisición Fuente de adquisición Total de préstamos Signatura topográfica completa Código de barras Visto por última vez Precio de reemplazo Tipo de ítem Koha
        Biblioteca del Ateneo de Madrid Biblioteca del Ateneo de Madrid Depósito 2 17/01/2008     P-1834 1099460 23/02/2023 23/02/2023 Libro impreso